| 000 | 00654nam a22002417a 4500 | ||
|---|---|---|---|
| 003 | UA-OsUOA | ||
| 001 | 29141 | ||
| 007 | ta | ||
| 008 | 20040930b un ||||| |||| 00| 0 ukr d | ||
| 090 |
_a811(47+57) _bЯ42 |
||
| 942 | _cBK | ||
| 040 |
_aUA-OsUOA _brus _cUA-OsUOA _dUA-OsUOA |
||
| 245 |
_aЯзыки народов СССР _bИндоевропейские языки _cРед. Б.В.Виноградов |
||
| 300 | _a660 с. | ||
| 955 | _a0 | ||
| 041 | _arus | ||
| 080 | _a811(47+57) | ||
| 260 |
_aМосква _bАкадемия Наук СССР _c1966 |
||
| 044 | _aRU | ||
| 250 | _nТом первый | ||
| 650 | 7 | _2UDC | |
| 999 |
_c315522 _d315522 |
||